000
00224nam a22001217a 4500
040
_c
SK
082
_a
100
100
_a
NA
245
_a
quality assessment techniques
260
_a
NA
_b
NA
_c
1994
300
_a
NA
942
_c
EK
999
_c
8897
_d
8897